[Event "NOR-chT Eliteserien 2021-22"]
[Site "Norway"]
[Date "2022.02.05"]
[Round "5.9"]
[White "Mikalsen, Erlend"]
[Black "Risting, Eivind Olav"]
[Result "1/2-1/2"]
[WhiteElo "2368"]
[BlackElo "2311"]
[Annotator "TA"]
[PlyCount "110"]
[EventDate "2021.10.29"]
[EventType "team-tourn"]
[EventCountry "NOR"]
[SourceTitle "playchess.com"]
[Source "ChessBase"]
[SourceQuality "1"]

{[%evp 10,110,43,25,37,16,26,9,10,9,14,15,11,0,0,0,0,0,0,-55,-40,-103,-90,-100,-79,-132,-129,-132,-87,-115,-112,-118,-116,-122,-118,-122,-120,-113,-120,-95,-52,-89,-71,-67,-70,-82,-77,-79,-71,-72,-81,-77,-78,-82,-55,-55,-54,-56,0,0,0,0,0,0,0,0,0,0,0,-8,-8,-8,-8,-8,-8,-8,-8,-8,-8,-8,-8,-8,0,0,0,0,0,0,0,0,6,7,11,0,0,0,0,0,0,0,0,0,0]} 1. e4 c5 2. Nf3 d6 3. d4 cxd4 4. Nxd4 Nf6 5. Nc3 Bd7 6. Bc4 e6 {B56: Classical Sicilian: Unusual Lines.} 7. Bb3 Be7 {[#]} 8. g4 $146 ({Predecessor:} 8. Be3 Nc6 9. Qe2 O-O 10. O-O-O Qa5 11. Rhg1 Rfc8 12. g4 Nxd4 13. Bxd4 Bc6 14. g5 Nd7 15. f4 Nc5 16. Bxc5 Qxc5 17. f5 Qe5 18. g6 Be8 19. Qg4 hxg6 20. fxe6 g5 21. Nd5 Bf6 22. Nxf6+ gxf6 23. Rd5 Qxh2 24. Rxg5+ Kf8 25. Rg8+ Ke7 26. exf7 Bxf7 27. Rg7 {1-0 (27) Kjurkchiiski,G (2244)-Georgiev,K (2466) Sunny Beach 2009}) 8... Nc6 9. g5 Nxd4 10. Qxd4 Nh5 11. Rg1 b5 12. Be3 O-O 13. f4 a5 14. a4 ({Better is} 14. a3 $11) 14... bxa4 $1 $15 15. Nxa4 {[#]} (15. Bxa4 $15 Bxa4 16. Qxa4 (16. Rxa4 Rb8 $11) (16. Nxa4 Nxf4 17. Bxf4 e5 $15)) 15... Nxf4 $1 $17 {[%mdl 512]} 16. Bxf4 e5 17. Qf2 (17. Bxe5 $142 dxe5 18. Qxe5) 17... exf4 18. Qxf4 Be6 (18... Rb8 $142 {Strongly threatening ...Rb4.} 19. Nc3 a4 20. Nxa4 Ra8) 19. O-O-O Bxb3 20. cxb3 Rb8 21. Rd3 Rb5 {[%cal Re7g5]} 22. h4 Qc8+ 23. Kb1 Qe6 24. Qg4 Rfb8 (24... Rb4 $17 25. Qh3 Rxe4) 25. Ka2 Rb4 26. Qxe6 fxe6 27. Re3 Rf8 28. Rc1 Rf4 {[%csl LRe4,LRh4]} 29. Rc7 Bf8 30. e5 d5 {[%cal Bd6d5,Bd5d4][%mdl 32]} 31. Rc8 d4 ({Don't play} 31... Rxh4 32. Nc5 Rbe4 33. Nxe4 dxe4 34. Ra8 $16) 32. Re1 Rb5 {To avoid Nc5} (32... Rxh4 {is a self mate.} 33. Rf1 h5 34. g6) 33. h5 Rf5 (33... d3 $15) 34. g6 $1 $11 {The position is equal.} hxg6 (34... Rxh5 $2 35. Rf1 Rf5 36. Rxf5 exf5 {[#]} 37. Rxf8+ $1 {[%mdl 512]} Kxf8 38. gxh7 $18) 35. hxg6 d3 36. Rd1 Rf3 37. Re8 Rxe5 38. Nb6 $1 Rg5 39. Rxe6 Rf6 40. Rxf6 gxf6 41. Rxd3 {[%mdl 4096] Endgame KRB-KRN} Kg7 42. Rd8 Bb4 43. Nd5 Kxg6 44. Nxb4 axb4 {KR-KR} 45. Rd4 {To avoid Rg4} Rb5 46. Kb1 f5 47. Kc2 Kg5 {And now ...f4 would win.} 48. Kd3 f4 {White must now prevent ...Kg4.} 49. Ke4 Rc5 ({Don't take} 49... Kg4 50. Rd8 $14) 50. Rc4 Ra5 51. Kf3 Re5 {Hoping for ...Re3+.} 52. Rxf4 Rf5 53. Rxf5+ Kxf5 54. Ke3 {White threatens Kd3 and mate.} Ke5 55. Kd3 {Kc4 would kill now.} Kd5 {Weighted Error Value: White=0.09 (flawless) /Black=0.05 (flawless)} 1/2-1/2

[Event "NOR-chT Eliteserien 2021-22"]
[Site "Norway"]
[Date "2022.02.05"]
[Round "5.10"]
[White "Kvaloy, Aksel Bu"]
[Black "Sahl, Bjarke"]
[Result "0-1"]
[WhiteElo "2280"]
[BlackElo "2306"]
[Annotator "TA"]
[PlyCount "80"]
[EventDate "2021.10.29"]
[EventType "team-tourn"]
[EventCountry "NOR"]
[SourceTitle "playchess.com"]
[Source "ChessBase"]
[SourceQuality "1"]

{[%evp 16,79,18,-82,-72,-70,-91,-77,-50,-219,-239,-236,-220,-281,-225,-258,-79,-92,-76,-96,-45,-33,-41,-28,-41,-30,-27,-58,-59,-112,-9,-161,-146,-370,-371,-410,-382,-506,-522,-476,-471,-2277,-2257,-2111,-2083,-29987,-29988,-29988,-29989,-29989,-29990,-29990,-29991,-29991,-29992,-29992,-864,-1189,0,-29992,-29993,-29997,-29995,-29998,-29999,-29999]} 1. e4 e6 2. d4 d5 3. Nc3 Nf6 4. e5 Nfd7 5. f4 c5 6. Nf3 Nc6 7. Be3 Be7 8. Qd2 a6 9. O-O-O (9. Bd3 $11 {keeps the balance.}) 9... c4 $17 {C11: French: Classical System: 4 e5 and 4 Bg5 dxe4.} 10. f5 b5 11. Qf2 {[#]} b4 $146 {Black is better.} ({Predecessor:} 11... Nf8 12. Qg3 Rg8 13. f6 Bxf6 14. exf6 Qxf6 15. Bg5 Qf5 16. Nh4 Qxg5+ 17. Qxg5 f6 {1-0 (39) Huber,S (1810)-Leeb,J (1284) Deggendorf 2010}) 12. fxe6 $2 bxc3 $19 (12... fxe6 13. Na4 $11) 13. exd7+ Bxd7 14. bxc3 Qa5 15. Kd2 h6 $2 (15... Qxa2 16. Be2 Na5 17. Ng5 $17) (15... O-O $19 {has better winning chances. And now ...Rab8 would win.} 16. Ra1 Rab8) 16. Qg3 $17 g6 {Black is more active.} 17. Be2 {[%cal Oe5e6] [#]} Be6 ({But not} 17... Bf5 $6 18. e6 fxe6 19. Ne5 Nxe5 20. Qxe5 $15) ({Better is} 17... Nb4 $1 $17 {[%cal Rb4a2]} 18. Bxc4 Rc8 $1) 18. Rb1 {[%cal Oa2a4]} Na7 19. a4 {Prevents Nb5.} Qxa4 {Threatens to win with ...Nb5.} 20. Ra1 Qc6 21. h4 Nb5 22. Nh2 (22. Rhb1 $15) 22... Kd7 ({Black should try} 22... Rb8 $1 $17 {[%cal Ob5c3] Hoping for ...Nxc3!} 23. Rhb1 Qc7) 23. Rhf1 $2 {Black continues to play with concentration.} (23. Rhb1 $11) 23... Rhb8 $1 $19 {[%cal Ob5c3]} 24. Rfb1 $2 (24. Ng4 $17) 24... a5 $1 {[%cal Ob5c3,Ba6a5,Ba5b4,Bb4a3][%mdl 32]} 25. Qf4 g5 {The board is on fire.} 26. hxg5 hxg5 ({Inferior is} 26... Bxg5 27. Qf2 $11) 27. Qf1 {[#]} Nxc3 $1 {[%mdl 512]} 28. Kxc3 (28. Rc1 $142) (28. Rxb8 Rxb8) 28... Bb4+ 29. Rxb4 axb4+ 30. Kb2 c3+ 31. Kb3 Ra3+ 32. Rxa3 bxa3+ 33. Ka2 Rb2+ 34. Ka1 Qb6 (34... Rxc2 $2 35. Bb5 $18) 35. Bc1 Rb1+ (35... a2 $142 36. Bb5+ Rxb5 37. Ba3 Rb1+ 38. Kxa2 Rb2+ $1 {[%mdl 512]} 39. Ka1 Qa5 40. Qb5+ Rxb5 41. Ka2 Rb2+ 42. Ka1 Qxa3#) 36. Ka2 Rb2+ $40 {[%mdl 128] Black attacks.} 37. Ka1 a2 {Black mates.} 38. Bg4 Rb1+ 39. Kxa2 {[#]} Rb2+ $1 {[%mdl 512]} 40. Ka1 (40. Bxb2 Qxb2#) 40... Qa5# {Weighted Error Value: White=0.80/Black=0.50} 0-1

[Event "NOR-chT Eliteserien 2021-22"]
[Site "Norway"]
[Date "2022.02.05"]
[Round "5.10"]
[White "Lindbol, Aleksander"]
[Black "Flermoen, Peter"]
[Result "1/2-1/2"]
[WhiteElo "2222"]
[BlackElo "2297"]
[Annotator "TA"]
[PlyCount "100"]
[EventDate "2021.10.29"]
[EventType "team-tourn"]
[EventCountry "NOR"]
[SourceTitle "playchess.com"]
[Source "ChessBase"]
[SourceQuality "1"]

{[%evp 9,100,30,35,27,42,24,41,29,39,25,37,29,42,0,0,-66,-67,-79,-72,-102,-50,-122,-114,-129,-98,-108,-43,-64,-60,-116,-36,-90,-91,-124,-70,-89,-78,-91,-83,-96,-89,-130,-70,-81,-37,-37,-37,-37,-37,-37,-35,-121,-59,-67,-59,-59,-45,-45,-45,-59,-59,-159,-159,-159,-114,-152,-78,-176,-152,-152,-152,-152,-152,-152,-152,-152,-152,-152,-152,-152,-152,-152,-152,-152,-152,-152,-152,-152,-152,-152,-152,-152,0]} 1. c4 Nf6 2. Nc3 d5 3. cxd5 Nxd5 4. Nf3 Nxc3 5. bxc3 g6 6. h4 {A16: English Opening: 1...Nf6 with ...d5.} h5 7. e4 Bg7 8. Be2 {White is slightly better.} c5 9. O-O O-O {[#]} 10. Rb1 $146 ({Predecessor:} 10. Ng5 Nc6 11. Bxh5 Re8 12. f4 Bf6 13. f5 gxh5 14. Qxh5 Bxg5 15. Qxg5+ Kf8 16. Qh6+ {1-0 (24) Deviprasath,S (2251)-Bintang,R (1820) Chess.com INT 2021}) 10... b6 11. Ng5 (11. d4 $14) 11... Ba6 $11 12. c4 (12. f4 $11) 12... Nc6 $15 13. d3 {[%cal Oe2h5]} Qd6 14. f4 Nd4 (14... Rad8 $1 $17 15. Be3 Nd4 16. Bxd4 Qxd4+ 17. Kh1 Bc8) 15. e5 (15. Nf3 $15) 15... Qd7 $17 16. Be3 Nxe2+ 17. Qxe2 {[%cal Oa2a4]} Qf5 (17... f6 $17 18. e6 Qc6) 18. Ne4 Rfd8 {[%cal Oa6c4]} 19. Rfd1 {[#]} (19. Bc1 $15) 19... Bc8 (19... Bxc4 $1 $17 {[%mdl 512] Threatens to win with ...Ba6.} 20. Nxc5 Bd5) 20. Qf3 (20. a4 $15) 20... Bd7 21. d4 cxd4 (21... Ba4 $1 $17 {[%cal Ra4d1]} 22. Ng3 (22. Rd2 $2 cxd4 23. Rxd4 Rxd4 $19) 22... Bxd1 $1 23. Qxd1 (23. Qxa8 Qd7 $17) 23... Qc8) 22. Rxd4 $15 {Strongly threatening Rbd1.} Bc6 {White must now prevent ...Rxd4.} 23. Rbd1 Rxd4 24. Rxd4 Rc8 25. Bf2 (25. Bd2 $142) 25... Bf8 {A strong pair of Bishops.} ({Black should try} 25... Bh6 $17 26. Bg3 Rc7) 26. Qe3 Bxe4 ({Black should play} 26... Qg4 $17) 27. Qxe4 Qxe4 28. Rxe4 $17 {[%mdl 4096] Endgame KRB-KRB} e6 29. Kf1 Bc5 30. Be1 (30. Ke2 $15) 30... Kf8 (30... Rd8 $1 $17 31. Ke2 Kf8) 31. Re2 $15 Ke8 32. Rc2 $1 Kd7 33. Ke2 Kc6 34. a4 Rd8 35. Rd2 (35. g3 $15) 35... Rxd2+ $17 36. Bxd2 {KB-KB} Be7 (36... Ba3 $142 37. Be3 Bc5) 37. g3 Bc5 38. Kf3 (38. Bc3 $17 {might work better.}) 38... Bd4 {Black is clearly better.} 39. Bb4 a5 40. Ba3 Bc3 {And now ...Bb4 would win.} 41. Ke2 Bb4 42. Bc1 {[#]} Kc5 $1 43. Kd3 {[#]} Be1 $1 44. Ba3+ Kc6 45. Be7 Bxg3 46. Bg5 Bf2 47. Bf6 Bc5 48. Bg5 Kd7 49. Kc3 Ke8 50. Kd3 Kd7 $2 {Weighted Error Value: White=0.21 (precise) /Black=0.13 (very precise)} (50... Bg1 $17 51. Ke2 Kd7) 1/2-1/2

[Event "NOR-chT Eliteserien 2021-22"]
[Site "Norway"]
[Date "2022.02.05"]
[Round "5.11"]
[White "Ekeberg, Carl Fredrik"]
[Black "Gjestemoen-VonHirsch, Andre"]
[Result "1/2-1/2"]
[WhiteElo "2276"]
[BlackElo "2243"]
[Annotator "TA"]
[PlyCount "76"]
[EventDate "2021.10.29"]
[EventType "team-tourn"]
[EventCountry "NOR"]
[SourceTitle "playchess.com"]
[Source "ChessBase"]
[SourceQuality "1"]

{[%evp 10,76,13,13,14,7,19,10,18,1,4,0,0,0,38,47,162,167,166,183,191,186,172,142,239,162,157,174,170,168,177,168,157,150,155,169,163,117,191,153,192,216,222,212,230,215,244,242,216,203,235,172,233,233,269,109,118,122,129,122,169,152,150,120,123,55,55,55,55]} 1. Nf3 Nf6 2. c4 g6 3. Nc3 Bg7 4. e4 e5 5. d4 exd4 6. Nxd4 O-O {A10: English Opening: Unusual Replies for Black.} 7. Be3 c6 8. Be2 Re8 {The position is equal.} 9. Bf3 d6 10. O-O Nbd7 11. h3 {[#]} Nb6 $146 ({Predecessor:} 11... Qc7 12. Qc2 a6 13. Rad1 Ne5 14. Be2 c5 15. Nb3 Be6 16. Nd2 Nc6 17. Nf3 Rad8 {0-1 (56) Bariyev,T (2208)-Eraschenkov,D (2379) Grozny 2019}) 12. b3 d5 (12... a5 $14) 13. exd5 $18 cxd5 14. c5 Nbd7 {[%cal Bb6d7,Bd7e5,Be5c6][%mdl 32]} 15. Ndb5 $1 (15. Nxd5 $6 Nxc5 16. Nxf6+ (16. Bg5 Be6 $14) 16... Qxf6 $14) 15... Ne5 16. Nd6 (16. Bxd5 Nxd5 17. Qxd5 (17. Nxd5 Bxh3 18. Nbc7 Bg4 $16) 17... Bd7 $14) 16... Be6 (16... Re6 $16 17. Rc1 (17. Bxd5 Nxd5 18. Qxd5 Nc6 $18) 17... Bf8) 17. Bd4 (17. Nxe8 $6 Qxe8 18. Re1 (18. Bxd5 Nxd5 19. Nxd5 Rd8 $17) 18... Rd8) 17... Nc6 18. Nxe8 {White is much more active.} Qxe8 19. Nb5 Qe7 20. Rc1 a6 21. Nd6 {Bxf6 is the strong threat.} Nxd4 22. Qxd4 b6 23. b4 (23. Qb4 $18) 23... Rd8 (23... Ne4 $16 24. Qd1 f5) 24. Qd3 bxc5 25. bxc5 Nd7 26. Qxa6 ({Worse is} 26. Bxd5 Nxc5 $1 {[%mdl 512]} 27. Qe3 (27. Rxc5 Qxd6 28. Qe3 Bf8 $11) 27... Qxd6 28. Rxc5 Bf8 29. Bxe6 Qxc5 $11) 26... Nxc5 27. Rxc5 Rxd6 28. Rc6 Rd8 29. Re1 Qg5 30. Rd6 {Black must now prevent Rxd8+.} Rxd6 (30... Rf8 {was worth a try.} 31. Rdxe6 fxe6) 31. Qxd6 {[%cal Of3g4] Strongly threatening Bg4!} h5 {[%cal Bh7h5,Bh5h4,Bh4g3][%mdl 32] To avoid Bg4} 32. Rxe6 (32. Qb8+ $18 {and White stays clearly on top.} Kh7 33. Qb5) 32... fxe6 33. Qxe6+ Kh7 34. Qxd5 ({Reject} 34. Bxd5 $6 Qc1+ 35. Kh2 Qf4+ 36. Kh1 Qc1+ 37. Kh2 Qf4+ 38. Kh1 Qc1+ 39. Kh2 $11) 34... Be5 (34... Qxd5 $16 {was necessary.} 35. Bxd5 Bc3) 35. g3 h4 36. Qd7+ Kh6 {[#]} 37. Qg4 (37. g4 $1 $16) 37... hxg3 $14 38. Qxg5+ Kxg5 {Weighted Error Value: White=0.18 (very precise) /Black=0.22 (precise)} 1/2-1/2

[Event "NOR-chT Eliteserien 2021-22"]
[Site "Norway"]
[Date "2022.02.05"]
[Round "5.11"]
[White "Solberg, Joachim"]
[Black "Kjolberg, Jens Hjorth"]
[Result "1-0"]
[WhiteElo "2216"]
[BlackElo "2154"]
[Annotator "TA"]
[PlyCount "53"]
[EventDate "2021.10.29"]
[EventType "team-tourn"]
[EventCountry "NOR"]
[SourceTitle "playchess.com"]
[Source "ChessBase"]
[SourceQuality "1"]

{[%evp 20,53,14,6,20,11,35,8,19,19,20,27,25,-32,-21,-21,0,-56,-54,-48,-44,-46,-24,-49,0,0,17,0,601,598,537,524,1625,847,781,733]} 1. e4 {[%cal Be2e4,Be4e5][%mdl 32]} e6 2. d4 d5 3. e5 c5 4. c3 Nc6 5. Nf3 cxd4 6. cxd4 Nge7 7. Bd3 Nf5 8. Bxf5 exf5 9. Nc3 {[%cal Bb1c3,Bc3e2,Be2f4][%mdl 32]} Be6 10. h4 {[%cal Bh2h4,Bh4h5][%mdl 32]} h6 11. Ne2 Be7 {C02: French: Advance Variation.} 12. Nf4 Rc8 13. a3 Qb6 {[#] The position is equal.} 14. Kf1 $146 ({Predecessor:} 14. Qd3 Na5 15. b4 Nc4 16. Nh5 O-O 17. O-O a5 18. Ng3 axb4 19. axb4 Bxb4 20. Rb1 {0-1 (39) Baratosi,D (2329)-Gogulancea,R (2027) Amara 2007}) 14... Kd7 15. h5 $1 Bg5 16. g3 (16. Rb1 $11) 16... Bxf4 $15 17. Bxf4 Qxb2 18. Rb1 (18. Kg2 $1 $11) 18... Qxa3 19. Rxb7+ Rc7 20. Rb3 Qa2 21. Kg2 a5 (21... Rb8 $1 $15 22. Rxb8 Nxb8) 22. Qd3 $36 {[%mdl 2048] White has the initiative.} a4 23. Rb6 {[#] Strongly threatening Rc1. Chess con chili.} Qc4 {[%mdl 8192]} (23... Rb8 $11 24. Rxb8 Nxb8) 24. Qa3 $18 {Threatens to win with Rc1. White is clearly winning.} Rhc8 25. Rc1 Na5 26. Rxc4 Nxc4 27. Qxa4+ {Weighted Error Value: White=0.17 (very precise) /Black=0.61} 1-0

[Event "NOR-chT Eliteserien 2021-22"]
[Site "Norway"]
[Date "2022.02.05"]
[Round "5.12"]
[White "Fossan, Aleksander"]
[Black "Aulin-Jansson, Joran"]
[Result "1-0"]
[WhiteElo "2128"]
[BlackElo "2214"]
[Annotator "TA"]
[PlyCount "49"]
[EventDate "2021.10.29"]
[EventType "team-tourn"]
[EventCountry "NOR"]
[SourceTitle "playchess.com"]
[Source "ChessBase"]
[SourceQuality "1"]

{[%evp 9,48,8,93,93,91,85,91,83,89,89,92,91,242,270,298,243,220,139,137,120,135,116,98,96,92,97,126,110,612,625,589,597,593,591,29987,29987,29992,29993,29998,29999,29999]} 1. e4 c5 2. c3 Nf6 3. e5 Nd5 4. d4 d6 5. Nf3 Bg4 (5... cxd4 $11 {remains equal.} 6. cxd4 (6. Qxd4 e6 $11) 6... Nc6) 6. dxc5 $16 {B22: Sicilian: 2 c3.} dxc5 7. Bc4 Bxf3 8. Qxf3 {White is better.} ({Reject} 8. gxf3 $6 e6 $11) 8... e6 9. O-O {[#]} Nc6 $146 {[#]} ({Predecessor:} 9... Qc7 10. Bxd5 exd5 11. Qxd5 Nc6 12. Bf4 Rd8 13. Qe4 Qb6 14. Qe2 Be7 15. Na3 O-O {1-0 (54) Popivoda,R (2162)-Blagonadezhnaya,I (2051) Tula 2004}) 10. Rd1 $1 Nxe5 $2 (10... Qe7 $16) 11. Bb5+ $18 Ke7 12. Qe2 Qc7 13. f4 c4 14. fxe5 Qc5+ 15. Kh1 Qxb5 16. Na3 $36 {[%csl LRb5,LRc4][%mdl 2048] White is really pushing.} Qa6 17. Nxc4 Rc8 18. Rd4 {aiming for b4. White is more active.} Nb6 $2 {[%mdl 8192]} (18... Ke8 $16) 19. Bg5+ Ke8 {[#] White must now prevent ...h6.} 20. Rad1 $1 {White wants to mate with Rd8+.} Nd5 21. Qe4 {Threatening mate with Rxd5.} Bc5 22. Rxd5 {White mates.} exd5 23. Qxd5 Qe6 {[#]} 24. Qd8+ $1 {[%mdl 576] Back Rank} Rxd8 25. Rxd8# {Weighted Error Value: White=0.11 (very precise) /Black=0.82} 1-0

[Event "NOR-chT Eliteserien 2021-22"]
[Site "Norway"]
[Date "2022.02.05"]
[Round "5.12"]
[White "Dahl, Max"]
[Black "Brasoy, Aksel"]
[Result "1-0"]
[WhiteElo "2038"]
[BlackElo "1893"]
[Annotator "TA"]
[PlyCount "95"]
[EventDate "2021.10.29"]
[EventType "team-tourn"]
[EventCountry "NOR"]
[SourceTitle "playchess.com"]
[Source "ChessBase"]
[SourceQuality "1"]

{[%evp 24,95,24,29,24,27,36,38,45,16,23,30,33,14,67,58,57,58,58,58,58,59,90,84,81,66,78,63,80,53,56,45,52,65,72,46,46,7,17,0,0,-22,-20,-12,28,22,31,39,34,8,8,0,8,0,102,96,286,253,659,350,541,306,514,229,1243,1124,3684,1755,2198,1296,916,703,837,687]} 1. e4 c5 2. Nf3 {[%cal Bg1f3,Bf3d4,Bd4b5,Bb5c3,Bc3e2][%mdl 32]} e6 3. d4 cxd4 4. Nxd4 Nf6 5. Nc3 Nc6 6. Ndb5 Bb4 7. a3 Bxc3+ 8. Nxc3 d5 9. exd5 exd5 10. Bd3 O-O 11. O-O d4 12. Ne2 Bg4 13. Bg5 $1 {[%mdl 4] is recently more successful than 13.f3.} Re8 {B45: Sicilian Four Knights.} 14. Re1 Qd6 15. Qd2 Bxe2 {White is slightly better.} 16. Rxe2 (16. Bf4 $5 {[%cal Rf4d6]} Qc5 17. b4 $14 (17. Bxe2 Ne4 $14) (17. Rxe2 Rxe2 18. Bxe2 Re8 $14)) 16... Rxe2 17. Qxe2 Re8 18. Qf3 {[#]} Qd5 $146 ({Black should try} 18... Ne5 $11 19. Qf4 (19. Qxb7 Nxd3 20. Bxf6 Ne1 $15) 19... Qb6) ({Predecessor:} 18... Ne5 19. Qg3 Nh5 20. Qh4 Nxd3 21. cxd3 Qg6 22. h3 h6 23. Bd2 Qxd3 24. Bxh6 Nf6 {1-0 (65) Griffith,K (2346)-Fathy,E (2307) Chess.com INT 2020}) 19. Bxf6 {A strong pair of Bishops.} Qxf3 20. gxf3 gxf6 $14 {[%mdl 4096] Endgame KRB-KRN} 21. f4 {Prevents Ne5.} h6 22. Kg2 Nd8 23. Kf3 Ne6 24. Rd1 Rc8 25. h4 Rc5 26. Re1 Kf8 27. Kg4 h5+ 28. Kf3 Nd8 29. b4 Rc3 30. Ke4 Rxa3 31. Kf5 Ne6 32. Kxf6 {Black must now prevent Re4.} Nxf4 33. Be4 Ne6 34. Bxb7 d3 35. cxd3 Rxd3 36. Ra1 Rd4 {[%csl LRb4,LRh4]} 37. b5 Rf4+ 38. Ke5 Rb4 (38... Ke7 $11 39. Be4 (39. Rxa7 $2 {gets mated.} f6+ 40. Kd5 Rd4+ 41. Kc6 Rd6#) 39... f6+ 40. Kd5 Nc7+ 41. Kc6 Nxb5) 39. Bc6 $16 ({Don't play} 39. Rxa7 Rxb5+ 40. Kf6 Rb6 41. Ra8+ Nd8+ 42. Kg5 Rb5+ 43. Kh6 Ke7 $11) 39... Kg7 $2 {A mistake that costs the game.} (39... Nd4 $16 {might work better.}) 40. Rxa7 $18 Nd4 $2 (40... Nf4 41. Be8 Nd3+ 42. Kd6 Rd4+ 43. Kc7 Kf8) 41. Rb7 {[#] Strongly threatening Bd5.} Kg6 (41... Ne6 $142 42. Bd5 Nc5) 42. Kd6 {Hoping for b6.} Nb3 $2 (42... Nxb5+ 43. Rxb5 Rxh4) 43. Ra7 (43. Bd5 $142) 43... f6 $2 (43... Nd4) 44. Ra6 {White is clearly winning.} Rxh4 45. b6 Rd4+ 46. Bd5 Rb4 47. b7 {[%cal Oa6a4] [#] Ra4! is the strong threat.} Rb5 48. Ra8 {Weighted Error Value: White=0.45/Black=0.52} 1-0

[Event "NOR-chT Eliteserien 2021-22"]
[Site "Norway"]
[Date "2022.02.05"]
[Round "5.13"]
[White "Carlsen, Magnus"]
[Black "Ostmoe, Geir Sune Tallaksen"]
[Result "1/2-1/2"]
[WhiteElo "2865"]
[BlackElo "2466"]
[Annotator "TA"]
[PlyCount "168"]
[EventDate "2021.10.29"]
[EventType "team-tourn"]
[EventCountry "NOR"]
[SourceTitle "playchess.com"]
[Source "ChessBase"]
[SourceQuality "1"]

{[%evp 9,168,0,14,-23,15,-15,25,14,31,32,49,48,47,39,57,44,43,43,59,59,59,60,59,61,52,58,79,79,81,81,70,81,80,26,97,66,88,88,88,89,73,64,97,88,87,39,48,62,195,39,43,25,80,81,54,54,48,53,54,41,77,0,0,0,84,84,84,0,0,0,0,0,0,0,0,0,0,0,0,0,0,0,0,0,0,0,0,0,0,0,0,0,0,0,0,0,0,0,0,0,0,0,0,0,0,0,0,0,0,0,0,0,0,0,0,0,0,0,0,0,0,0,0,0,0,0,0,0,0,0,0,0,0,0,0,0,0,0,0,0,178,0,0,0,0,0,0,0,0,0,0,0,0,0,0,0,0,0,0,0,0]} 1. e4 c6 2. Nf3 d5 3. d3 dxe4 4. dxe4 Qxd1+ 5. Kxd1 Nd7 6. Nbd2 {B10: Caro-Kann: 2 d3 and 2 c4.} e5 7. Nc4 f6 {[#]} 8. Nfd2 $146 {White has an edge.} ({Predecessor:} 8. Ne1 Nb6 9. Be3 Bg4+ 10. f3 Nxc4 11. Bxc4 Bh5 12. Nd3 Bf7 13. Bxf7+ Kxf7 14. a4 {1-0 (49) Popov,I (2636)-Galkin,A (2611) Moscow 2019}) 8... Nc5 9. a4 Be6 10. b4 Nd7 11. c3 Nh6 12. Kc2 Nf7 13. Nb3 (13. f3 {is more complex.} O-O-O 14. Nb3 f5 15. exf5 Bxf5+ 16. Kb2) 13... Nd6 14. Nxd6+ Bxd6 15. Na5 O-O-O 16. Bc4 Bxc4 17. Nxc4 Be7 18. Be3 b6 19. Rhd1 Kc7 20. a5 b5 21. Nb6 {White is much more active.} Nb8 (21... Nxb6 $2 22. axb6+ axb6 23. Ra7+ Kc8 24. Rxe7 $18) (21... axb6 $11 22. axb6+ Nxb6 23. Ra7+ Kb8 24. Bxb6 (24. Rxe7 Rxd1 25. Kxd1 Rd8+ 26. Ke2 Rd7 $11) 24... Rxd1 25. Kxd1 Bd8) 22. Rxd8 (22. a6 {with more complications.} Rxd1 23. Na8+ Kc8 24. Kxd1 g6 25. f3) 22... Bxd8 {[#]} 23. a6 $1 $36 {[%mdl 2048] White is really pushing.} Nxa6 {[#]} 24. Nc4 bxc4 25. Rxa6 $16 {[%mdl 4096] Endgame KRB-KRB} Kd7 {[%cal Od8b6]} 26. Rxa7+ Bc7 27. f4 (27. g4 $16) 27... Kc8 $1 $14 28. fxe5 fxe5 {[#]} (28... Kb8 $14) 29. Ra8+ $2 (29. Bb6 $1 $18 {[%mdl 512]} Bd8 30. Bxd8 Rxd8 31. Rxg7) 29... Bb8 30. Ra5 Kb7 {[#]} (30... Rd8 $11) 31. b5 $1 $16 Rc8 32. b6 Rf8 33. Ra1 $1 {To avoid Rf1} Rf6 34. g3 h5 35. Kd2 (35. Bc5 $16) 35... Rd6+ $11 36. Kc2 ({White should try} 36. Ke2 $11) 36... Rf6 $16 37. Bc5 h4 38. Rd1 ({Better is} 38. gxh4 $16 g6 39. Kb2) 38... hxg3 $11 39. hxg3 Rg6 $1 40. Rd7+ Ka6 $1 41. Rd8 Kb7 42. Bf2 Rf6 43. Be1 g6 44. Bd2 Bd6 45. Be3 c5 46. g4 Kxb6 47. Re8 Kc6 48. g5 Kd7 49. Ra8 Rf3 50. Kd2 Ke6 51. Ra6 Ke7 52. Ra7+ Kf8 53. Ra4 Be7 54. Rxc4 Rg3 55. Bxc5 Rxg5 56. Bb4 {Black must now prevent Rc8+.} Rg2+ 57. Kd3 {Strongly threatening Rc8+.} Rg3+ 58. Kc2 Bxb4 59. cxb4 {And now b5 would win. KR-KR} Ke7 60. b5 Rf3 61. Rc5 Kd6 62. Rd5+ Ke6 63. Rd8 Ke7 64. Rg8 {aiming for b6.} Kd6 65. Rxg6+ Kc5 66. b6 Rf7 67. Re6 Kd4 68. Kb3 Rf1 69. Ka4 Kxe4 70. Rd6 Rb1 71. Ka5 Kf3 72. Rf6+ Kg3 73. Rf5 e4 {[%cal Be5e4,Be4e3][%mdl 32]} 74. Rb5 Ra1+ 75. Kb4 Ra8 {The position is equal.} 76. Kc3 e3 77. Kd3 {Intending b7 and mate.} Kf4 78. b7 Rd8+ 79. Ke2 Rb8 80. Rb4+ Ke5 81. Kxe3 Kd5 82. Kd3 Kc6 83. Kc4 Rxb7 84. Rxb7 Kxb7 {Weighted Error Value: White=0.13 (very precise) /Black=0.09 (flawless)} 1/2-1/2